Exploring business letters / (Record no. 127023)
[ view plain ]
| 000 -LEADER | |
|---|---|
| fixed length control field | 00652nam a22002297a 4500 |
| 003 - CONTROL NUMBER IDENTIFIER | |
| control field | 0 |
| 005 - DATE AND TIME OF LATEST TRANSACTION | |
| control field | 20180705110227.0 |
| 008 - FIXED-LENGTH DATA ELEMENTS--GENERAL INFORMATION | |
| fixed length control field | 0 |
| 010 ## - LIBRARY OF CONGRESS CONTROL NUMBER | |
| LC control number | B-159014 |
| 020 ## - INTERNATIONAL STANDARD BOOK NUMBER | |
| Terms of availability | 00.00 |
| 035 ## - SYSTEM CONTROL NUMBER | |
| System control number | B-159014, B-159018 |
| 037 ## - SOURCE OF ACQUISITION | |
| Source of stock number/acquisition | Cen Lib/Ret |
| 040 ## - CATALOGING SOURCE | |
| Original cataloging agency | DPL |
| Language of cataloging | EN |
| Transcribing agency | 0 |
| 082 ## - DEWEY DECIMAL CLASSIFICATION NUMBER | |
| Classification number | 651.752 |
| Item number | KLE |
| 100 ## - MAIN ENTRY--PERSONAL NAME | |
| Personal name | Kleiser, Grenville |
| 9 (RLIN) | 19159 |
| 245 ## - TITLE STATEMENT | |
| Title | Exploring business letters / |
| Statement of responsibility, etc | by Grenville Kleiser |
| 260 ## - PUBLICATION, DISTRIBUTION, ETC. (IMPRINT) | |
| Place of publication, distribution, etc | New Delhi |
| Name of publisher, distributor, etc | A.P.H.Publishing Corporation |
| Date of publication, distribution, etc | 2005 |
| 270 ## - ADDRESS | |
| City | New Delhi |
| Address | 5, Ansari Road, Daryaganj |
| Postal code | 110002 |
| 300 ## - PHYSICAL DESCRIPTION | |
| Extent | xviii, 230p. |
| Dimensions | 20cm(Hb) |
| 650 ## - SUBJECT ADDED ENTRY--TOPICAL TERM | |
| Topical term or geographic name as entry element | Letters-Business. |
| 9 (RLIN) | 19160 |
| 942 ## - ADDED ENTRY ELEMENTS (KOHA) | |
| Source of classification or shelving scheme | Dewey Decimal Classification |
| Koha item type | English Books |
| Classification part | 651.752 |
| Call number suffix | KLE |
| Withdrawn status | Lost status | Damaged status | Not for loan | Home library | Current library | Date acquired | Source of acquisition | Cost, normal purchase price | Total Checkouts | Full call number | Barcode | Date last seen | Date checked out | Copy number | Cost, replacement price | Price effective from | Koha item type | Public note | Source of classification or shelving scheme | Collection code |
|---|---|---|---|---|---|---|---|---|---|---|---|---|---|---|---|---|---|---|---|---|
| Written off | Central Library | Central Library | 27/06/2015 | Cen Lib/Ret | 0.00 | 1 | 651.752 KLE | B-159014 | 02/05/2019 | 11/04/2019 | 1 | 0.00 | 27/06/2015 | English Books | W/d List No. 6860/19 ; dtd 05/08/2020 | |||||
| Patel Nagar | Patel Nagar | 05/07/2018 | BPPD/Pub | 395.00 | 651.752 KLE | B-159018 | 05/07/2018 | 1 | 395.00 | 05/07/2018 | English Books | Dewey Decimal Classification | Non-fiction | |||||||
| Sarojini Nagar | Sarojini Nagar | 13/04/2019 | 651.752 KLE | B-159026 | 13/04/2019 | 13/04/2019 | English Books | Dewey Decimal Classification | Non-fiction |
